<?xml version="1.0" encoding="UTF-8"?>
<record
    xmlns:xsi="http://www.w3.org/2001/XMLSchema-instance"
    xsi:schemaLocation="http://www.loc.gov/MARC21/slim http://www.loc.gov/standards/marcxml/schema/MARC21slim.xsd"
    xmlns="http://www.loc.gov/MARC21/slim">

  <leader>00903nam a22001577a 4500</leader>
  <controlfield tag="003">LRUA</controlfield>
  <controlfield tag="005">20200721104922.0</controlfield>
  <controlfield tag="008">200721b        xxu||||| |||| 00| 0 eng d</controlfield>
  <datafield tag="040" ind1=" " ind2=" ">
    <subfield code="c">RUA</subfield>
  </datafield>
  <datafield tag="082" ind1=" " ind2=" ">
    <subfield code="a">FIS SIM 2016 B462 Or.1</subfield>
  </datafield>
  <datafield tag="100" ind1=" " ind2=" ">
    <subfield code="9">14277</subfield>
    <subfield code="a">SIM SETH ,&#x179F;&#x17CA;&#x17B8;&#x1798; &#x179F;&#x17B7;&#x1793;</subfield>
  </datafield>
  <datafield tag="245" ind1=" " ind2=" ">
    <subfield code="a">water quality and performance of red tilapia culture in biofloc system using lactobacilluc and old floc from catfish culture,&#x1782;&#x17BB;&#x178E;&#x1797;&#x17B6;&#x1796;&#x1791;&#x17B9;&#x1780; &#x1793;&#x17B7;&#x1784;&#x1780;&#x17B6;&#x179A;&#x1785;&#x17B7;&#x1789;&#x17D2;&#x1785;&#x17B9;&#x1798;&#x178F;&#x17D2;&#x179A;&#x17B8;&#x1791;&#x17B8;&#x17A1;&#x17B6;&#x1796;&#x17D2;&#x1799;&#x17B6;&#x1780;&#x17D2;&#x179A;&#x17A0;&#x1798;&#x1780;&#x17D2;&#x1793;&#x17BB;&#x1784;&#x1794;&#x17D2;&#x179A;&#x1796;&#x17D0;&#x1793;&#x17D2;&#x1791;&#x1794;&#x17CA;&#x17B8;&#x1799;&#x17BC;&#x17A0;&#x17D2;&#x179B;&#x17BB;&#x1780; &#x178A;&#x17C4;&#x1799;&#x1794;&#x17D2;&#x179A;&#x17BE;&#x17A1;&#x17B6;&#x1780;&#x17CB;&#x178F;&#x17BC;&#x1794;&#x17B6;&#x1780;&#x17CB;&#x179F;&#x17CA;&#x17B8;&#x179B;&#x17BA;&#x179F; &#x1793;&#x17B7;&#x1784;&#x179F;&#x17C6;&#x178E;&#x179B;&#x17CB;&#x1794;&#x17CA;&#x17B8;&#x1799;&#x17BC;&#x17A0;&#x17D2;&#x179B;&#x17BB;&#x1780;&#x1785;&#x17B6;&#x179F;&#x17CB; &#x1796;&#x17B8;&#x1780;&#x17B6;&#x179A;&#x1785;&#x17B7;&#x1789;&#x17D2;&#x1785;&#x17B9;&#x1798;&#x178F;&#x17D2;&#x179A;&#x17B8;&#x17A2;&#x178E;&#x17D2;&#x178F;&#x17C2;&#x1784;</subfield>
  </datafield>
  <datafield tag="260" ind1=" " ind2=" ">
    <subfield code="a">RUA</subfield>
    <subfield code="b">phnom penh</subfield>
    <subfield code="c">2016</subfield>
  </datafield>
  <datafield tag="300" ind1=" " ind2=" ">
    <subfield code="a">xii;42p;</subfield>
    <subfield code="b">ill;</subfield>
    <subfield code="c">29cm;</subfield>
  </datafield>
  <datafield tag="942" ind1=" " ind2=" ">
    <subfield code="2">ddc</subfield>
    <subfield code="c">FIS</subfield>
  </datafield>
  <datafield tag="999" ind1=" " ind2=" ">
    <subfield code="c">19252</subfield>
    <subfield code="d">19252</subfield>
  </datafield>
  <datafield tag="952" ind1=" " ind2=" ">
    <subfield code="0">0</subfield>
    <subfield code="1">0</subfield>
    <subfield code="2">ddc</subfield>
    <subfield code="4">0</subfield>
    <subfield code="6">FIS_SIM_2016_000000000000000_B462_OR_1</subfield>
    <subfield code="7">0</subfield>
    <subfield code="9">84494</subfield>
    <subfield code="a">LBB</subfield>
    <subfield code="b">LBB</subfield>
    <subfield code="c">B462</subfield>
    <subfield code="d">2020-07-21</subfield>
    <subfield code="o">FIS SIM 2016 B462 Or.1</subfield>
    <subfield code="p">A064385</subfield>
    <subfield code="r">2020-07-21</subfield>
    <subfield code="w">2020-07-21</subfield>
    <subfield code="y">FIS</subfield>
  </datafield>
  <datafield tag="952" ind1=" " ind2=" ">
    <subfield code="0">0</subfield>
    <subfield code="1">0</subfield>
    <subfield code="2">ddc</subfield>
    <subfield code="4">0</subfield>
    <subfield code="6">FIS_SIM_2016_000000000000000_B462_OR_1</subfield>
    <subfield code="7">0</subfield>
    <subfield code="9">84495</subfield>
    <subfield code="a">LBB</subfield>
    <subfield code="b">LBB</subfield>
    <subfield code="c">B462</subfield>
    <subfield code="d">2020-07-21</subfield>
    <subfield code="o">FIS SIM 2016 B462 Or.1</subfield>
    <subfield code="r">2020-07-21</subfield>
    <subfield code="w">2020-07-21</subfield>
    <subfield code="y">FIS</subfield>
  </datafield>
  <datafield tag="952" ind1=" " ind2=" ">
    <subfield code="0">0</subfield>
    <subfield code="1">0</subfield>
    <subfield code="2">ddc</subfield>
    <subfield code="4">0</subfield>
    <subfield code="6">FIS_SIM_2016_000000000000000_B462_OR_1</subfield>
    <subfield code="7">0</subfield>
    <subfield code="9">84496</subfield>
    <subfield code="a">LBB</subfield>
    <subfield code="b">LBB</subfield>
    <subfield code="c">B462</subfield>
    <subfield code="d">2020-07-21</subfield>
    <subfield code="o">FIS SIM 2016 B462 Or.1</subfield>
    <subfield code="r">2020-07-21</subfield>
    <subfield code="w">2020-07-21</subfield>
    <subfield code="y">FIS</subfield>
  </datafield>
  <datafield tag="952" ind1=" " ind2=" ">
    <subfield code="0">0</subfield>
    <subfield code="1">0</subfield>
    <subfield code="2">ddc</subfield>
    <subfield code="4">0</subfield>
    <subfield code="6">FIS_SIM_2016_000000000000000_B462_OR_1</subfield>
    <subfield code="7">0</subfield>
    <subfield code="9">84497</subfield>
    <subfield code="a">LBB</subfield>
    <subfield code="b">LBB</subfield>
    <subfield code="c">B462</subfield>
    <subfield code="d">2020-07-21</subfield>
    <subfield code="o">FIS SIM 2016 B462 Or.1</subfield>
    <subfield code="r">2020-07-21</subfield>
    <subfield code="w">2020-07-21</subfield>
    <subfield code="y">FIS</subfield>
  </datafield>
  <datafield tag="952" ind1=" " ind2=" ">
    <subfield code="0">0</subfield>
    <subfield code="1">0</subfield>
    <subfield code="2">ddc</subfield>
    <subfield code="4">0</subfield>
    <subfield code="6">FIS_SIM_2016_000000000000000_B462_OR_1</subfield>
    <subfield code="7">0</subfield>
    <subfield code="9">84498</subfield>
    <subfield code="a">LBB</subfield>
    <subfield code="b">LBB</subfield>
    <subfield code="c">B462</subfield>
    <subfield code="d">2020-07-21</subfield>
    <subfield code="o">FIS SIM 2016 B462 Or.1</subfield>
    <subfield code="r">2020-07-21</subfield>
    <subfield code="w">2020-07-21</subfield>
    <subfield code="y">FIS</subfield>
  </datafield>
  <datafield tag="952" ind1=" " ind2=" ">
    <subfield code="0">0</subfield>
    <subfield code="1">0</subfield>
    <subfield code="2">ddc</subfield>
    <subfield code="4">0</subfield>
    <subfield code="6">FIS_SIM_2016_000000000000000_B462_OR_1</subfield>
    <subfield code="7">0</subfield>
    <subfield code="9">84499</subfield>
    <subfield code="a">LBB</subfield>
    <subfield code="b">LBB</subfield>
    <subfield code="c">B462</subfield>
    <subfield code="d">2020-07-21</subfield>
    <subfield code="o">FIS SIM 2016 B462 Or.1</subfield>
    <subfield code="r">2020-07-21</subfield>
    <subfield code="w">2020-07-21</subfield>
    <subfield code="y">FIS</subfield>
  </datafield>
</record>
